| 000 | 00863cam a2200253 a 4500 | ||
|---|---|---|---|
| 001 | 000011417 | ||
| 005 | 20200929162439.0 | ||
| 008 | 091016s1988 sp 001 0 spa d | ||
| 020 | _a8420695904 | ||
| 040 |
_aDO-SdBNP _bspa _cBNPHU |
||
| 041 | 1 | 7 |
_aeng _hspa _2Código de idioma MARC |
| 082 |
_a926.252 _bW246a |
||
| 100 | 1 |
_aWang, An, _d1920-1990 _927070 |
|
| 240 | 1 | 0 |
_aAutobiografía. _lEspañol |
| 245 | 1 | 0 |
_aAutobiografía / _cAn Wang ; en colaboración de Eugéne Linden, versión española de Néstor Míguez. |
| 260 |
_aMadrid : _bAlianza, _c1988. |
||
| 300 |
_a[30] 221 p. : _bil. ; _c22 cm. |
||
| 534 |
_aTítulo original : _tLessons. An Autobiography |
||
| 600 | 1 | 4 |
_aAN WANG, _d1920-1990 _xBIOGRAFÍA _927071 |
| 700 | 1 |
_aLinden, Eugéne. _927072 |
|
| 700 | 1 |
_aMíguez, Néstor, _etr. _927073 |
|
| 910 | _aCatalogación derivada / LC | ||
| 049 | _aBNGR | ||
| 999 |
_c11120 _d11120 |
||